000 00623nam a2200193 4500
005 20250605151031.0
010 _aENG-145229
020 _c425.00
_a9789386235527
035 _aEN-128761
037 _bDBAD
082 _a320.0044
100 _aDuraivelu, K
_981732
245 _aEngineering Metrology and Measusement/
_cK Duraivelu [and] S Karthikeyan
260 _aHyderabad
_bUniversities Press (India) Pvt. Ltd.
_c2018
270 _a3-6-747/A & 3-6-754/1, Himayatnagar
_bHyderabad
_e500029
300 _axv, 400p.
_c24cm(pb)
700 _aKarthikeyan, S
_981724
942 _2ddc
_cEN
_h320.0044
_mDUR
999 _c211621
_d211621